000 00533nam a2200181 a 4500
005 20260322212058.0
008 data
020 _a0754812766 (pbk.) 9780754812760 (pbk.)
020 _a9780754812760 (pbk.) 9780754812760 (pbk.)
092 _a629.22 R38 2004
100 1 _aRees, Chris
245 1 0 _aFantasy cars :
_ban A-Z of the world's best contemporary classics /
_cChris Rees.
260 _aLondon :
_bLorenz,
_c2004.
300 _a160 p. : col. illus. ;
_b23 cm.
504 _aIncludes index.
650 0 _aAutomobiles
001 data
999 _c1381
_d1381